01357nam a22002657a 4500999001500000001000600015003000900021005001700030008004100047020001800088040003800106082001900144100002000163245010300183250001300286260004000299650000800339700002600347942001200373952014300385952014300528952014000671952015500811952012500966 c8544d854422626BD-DhUAP20250304152338.0250304b20122024bg d|||| |||| 00| 0beng d a9789849500360 aBD-DhDIUbengcBD-DhDIUdBD-DhUAP 223a349.42 HAL aAbdu Halim, Md. aLaw and legal English :ban understanding on legal English and English for law /cMd. Abdul Halim. a10th ed. aDhaka :bBeacon Publicationsc2024. alaw aMehtab, Farhana Helal 2ddccBK 00102ddc4070aUAPCLbUAPCLcGeneral Stacksd2025-03-04l2m2o349.42 HALp3010022626r2026-03-29s2026-01-29t1v500.00w2025-03-04yBK 00102ddc4070aUAPCLbUAPCLcGeneral Stacksd2025-03-04l4m1o349.42 HALp3010022627r2026-02-22s2026-01-28t2v500.00w2025-03-04yBK 00102ddc4070aUAPCLbUAPCLcGeneral Stacksd2025-03-04l3o349.42 HALp3010022628r2026-05-11s2026-04-27t3v500.00w2025-03-04yBK 00102ddc4070aUAPCLbUAPCLcGeneral Stacksd2025-03-04l3m3o349.42 HALp3010022629q2026-02-11r2026-01-14s2026-01-14t4v500.00w2025-03-04yBK 00102ddc4070aUAPCLbUAPCLcGeneral Stacksd2025-03-04o349.42 HALp3010022630r2025-03-04t5v500.00w2025-03-04yBK